000 01230nam0a2200289 i 4500
001 RU\NLR\BIBL_A\011098812
005 20240922014827.0
010 _a9785905621505
_950
021 _aRU
_b2016-61075
_93878
035 _a(NLR Aleph) 011098812
090 _a11408414
_c11408414
100 _a20160408d2015 y0rusy50 ca
101 0 _arus
102 _aRU
105 _aa z 000zy
200 1 _aЗаложники времени
_eправоохранительные органы Тверской губернии в марте - ноябре 1917 года
_fС.В. Евсеев
210 _aТверь
_cА.Н. Кондратьев
_d2015
215 _a127 с.
_cил.
_d20
320 _aБиблиогр.: с. 113-120
517 1 _aправоохранительные органы Тверской губернии в марте - ноябре 1917 года
606 1 _aПравоохранительные органы
_xИстория
_yТверская область
_z1917
_92279362
_3RU\NLR\AUTH\6601594085
686 1 _aХ891.9(2)-1
700 1 _aЕвсеев
_bС. В.
_f1968-
_gСергей Викторович
942 _cBOOK
980 _aNBR